| 000 | 00000nam##2200000za#4500 |
| 001 | 9.624095 |
| 003 | CaOODSP |
| 005 | 20250403105230 |
| 007 | ta |
| 008 | 150406|1997||||xxc||||| f|0| 0 fre|d |
| 020 | |a0-17-606976-3 |
| 040 | |aCaOODSP|bfre |
| 043 | |an-cn--- |
| 086 | 1 |aCS96-321/1F |
| 245 | 00|aVieillir au Canada : |bles aspects démographique et géographique du vieillissement / |cpar Eric G. Moore et al. |
| 260 | |aScarborough - Ontario : |bStatistique Canada |c1997. |
| 300 | |axxiii, 235p. : |bgraphiques, cartes, références, tableaux ; |c24 cm. |
| 490 | 1 |aSérie des monographies du recensement|v1 |
| 500 | |aSommaire: Introduction.--Le vieillissement de la population au Canada.--Le vieillissement individuel.--Les dimensions régionales du vieillissement.--La santé d'une population vieillissante.--Les 20 prochaines années.--Conclusions.--Bibliographie.--Index. |
| 563 | |aCouverture souple |
| 590 | |a96-49|b1996-12-06 |
| 710 | 2 |aStatistique Canada. |
| 720 | 1 |aMoore, Eric G. |
| 776 | 0#|tVieillir au Canada : |w(CaOODSP)9.605098 |
| 830 | #0|aSérie des monographies du recensement ;|v1|w(CaOODSP)9.512892 |
| 986 | |aProgramme des projets analytiques du Recensement de 1991 |